Statistics for Dog Breeds with the Most Film/TV Credits

Click here to take the quiz!

General Stats

  • This quiz has been taken 111 times
  • The average score is 8 of 14

Answer Stats

RankDog Breed% Correct
8Golden Retriever
84%
1German Shepherd
80%
13Dalmatian
72%
3Poodle
69%
5Chihuahua
67%
10Saint Bernard
63%
2Bulldog
60%
7Great Dane
58%
14Beagle
55%
11Pug
47%
9Dachshund
41%
4Doberman Pinscher
39%
12Bloodhound
34%
6Rottweiler
34%

Score Distribution

Percentile by Number Answered

Percent of People with Each Score

Your Score History

You have not taken this quiz